| 000 | 01616nam0a2200349 i 4500 | ||
|---|---|---|---|
| 001 | RU\NLR\BIBL_A\011076990 | ||
| 005 | 20260405073344.0 | ||
| 010 |
_a9785600013186 _92000 |
||
| 021 |
_aRU _b2016-16826 _91085 |
||
| 035 | _a(NILC)RuMoRGB-008164067 | ||
| 035 | _a(NLR Aleph) 011076990 | ||
| 090 |
_a11304446 _c11304446 |
||
| 100 | _a20160322d2015 km y0rusy50 ca | ||
| 101 | 0 | _arus | |
| 102 | _aRU | ||
| 105 | _aa|||z|||000yy | ||
| 200 | 1 |
_aСтратегии предупреждения депривации в военных вузах _eмонография _f[Бережнова Л.Н., д.п.н., проф., засл. работник высш. шк. РФ, Викулин П.В., к.т.н., Гнездилов В.А., к.п.н. и др.] |
|
| 210 |
_aСанкт-Петербург _cНовое время _d2015 |
||
| 215 |
_a147 с. _cил. _d21 |
||
| 300 | _aАвт. указаны на 5-й с. | ||
| 320 | _aБиблиогр.: с. 140-141 (19 назв.) | ||
| 606 |
_aВысшие военно-учебные заведения _xОрганизация учебного процесса _yРоссийская Федерация _92088261 _3RU\NLR\auth\661264202 |
||
| 675 | _a355/359 | ||
| 686 | 1 | _aЦ4,6(2Р)390-2 | |
| 701 | 1 |
_8rus _7ca _aБережнова _bЛ.Н. _gЛюдмила Николаевна _3RU\NLR\AUTH\7725582 _98629 |
|
| 701 | 1 |
_aВикулин _bП. В. _gПавел Викторович |
|
| 701 | 1 |
_aГнездилов _bВ.А. |
|
| 801 | 0 |
_aRU _bРГБ _c20160302 _gRCR |
|
| 942 | _cBOOK | ||
| 980 | _aNBR | ||